000 00374nam a2200169Ia 4500
005 20250425162046.0
008 250425s9999 xx 000 0 und d
041 _aeng
082 _a621.4021
245 0 _aTHERMODUNAMICS
250 _a2ND ED.
260 _aEstados Unidos
_bMCGH
_c1971
260 _aS.L.
650 _aTERMODINAMICA
942 _c01
010 _a45001
999 _c221514
_d221514